| 000 | 01051nac a22002531u 4500 | ||
|---|---|---|---|
| 010 | _a 2006285484 | ||
| 020 | _a0071448888 (pbk.) | ||
| 035 | _a(OCoLC)ocm58722389 | ||
| 082 | 0 | 4 |
_a696.1 _bT2121 |
| 090 |
_c2240 _d2240 |
||
| 100 | _aTaylor, G. L. | ||
| 245 | 1 | 0 |
_aPlumbing and piping systems inspection notes / _cGil L. Taylor. |
| 260 |
_aNew York : _bMcGraw-Hill,2005 _c2005. |
||
| 300 |
_a246 p. : _bill. ; _c13 cm. |
||
| 500 | _aTitle from cover. | ||
| 500 | _aSpiral bound and thumb-indexed. | ||
| 650 | 0 | _aPlumbing. | |
| 650 | 0 | _aPiping. | |
| 856 | 4 | 2 |
_3Contributor biographical information _uhttp://www.loc.gov/catdir/enhancements/fy0703/2006285484-b.html |
| 856 | 4 | 2 |
_3Publisher description _uhttp://www.loc.gov/catdir/enhancements/fy0703/2006285484-d.html |
| 856 | 4 | 2 |
_3Table of contents only _uhttp://www.loc.gov/catdir/enhancements/fy0703/2006285484-t.html |
| 942 |
_cBB _k696.1T2121 |
||
| 999 |
_c2240 _d2240 |
||